000 00771nam a2200217 u 4500
001 000558697
003 AM-YeHGA
005 20250618073212.0
008 071123s1983 ||||||||||||||||||||rus c
040 _aAM-YeHGA
041 1 _arus
_harm
100 1 _aԱյվազյան, Սուրեն Բախշիի,
_d1915-1981
_988
245 1 0 _aПредвестие зари :
_bРоман /
_cС. Айвазян ; Пер. с арм. В. Долуханяна ; Худож. И. Бабаянц.
260 _aМосква :
_bСов. писатель,
_c1983.
300 _a456 с.
650 1 4 _aАрмянская литература
700 1 _aДолуханян, В.
_eпер.
_4trl
700 1 _aБабаянц, Игорь
_eхудож.
_4art
090 _c218483
942 0 0 _01
999 _c216958
_d216958